| 000 | 00501nam a2200169Ia 4500 | ||
|---|---|---|---|
| 999 |
_c25868 _d25868 |
||
| 003 | OSt | ||
| 005 | 20201223111037.0 | ||
| 008 | 190216s9999||||xx |||||||||||||| ||und|| | ||
| 040 | _coclc | ||
| 082 |
_a894.8128 _bLEE/G |
||
| 100 |
_aLeelavathy, M _92002 |
||
| 245 | 0 |
_aG Yude Kavya Jeevitham / _cM Leelavathy |
|
| 260 |
_bSahithya Pravarthaka Sahakarana Sangam, _aKottayam: _c1980. |
||
| 300 | _a366p | ||
| 650 | _aPadanam | ||
| 942 |
_cBK _2ddc _h894.8128 _iLEE/G _k894.8128 _mLEE/G |
||